00655 2200193 4500001002100000008004100021035002000062245015800082100004000240260002900280300002500309020002200334084001800356520002900374082001100403650002200414990001300436990001200449INLIS000000000015222 ind  a0010-1222000301 aSosiolinguistik Dalam Pengajaran Bahasa Berbasis Multikultural: Teori Dan Praktik PenelitiancNuryani , Siti Isnaniah, Ixsir Eliya;editor; Syihaabul Huda aNURYANI; SITI, Isnaniah;IXSIR,Eliya aBogor :bIn Media,c2021 aiii,162 hlm.c24 cm. a978-623-7218-49-4 a499.221 NUR s aBibliografi.:hlm 159-162 a499221 aBAHASA, INDONESIA a10035 a. a10035 b